<?xml version="1.0" encoding="UTF-8"?>
<record
    xmlns:xsi="http://www.w3.org/2001/XMLSchema-instance"
    xsi:schemaLocation="http://www.loc.gov/MARC21/slim http://www.loc.gov/standards/marcxml/schema/MARC21slim.xsd"
    xmlns="http://www.loc.gov/MARC21/slim">

  <leader>01773nam a22002417a 4500</leader>
  <datafield tag="999" ind1=" " ind2=" ">
    <subfield code="c">56746</subfield>
    <subfield code="d">56746</subfield>
  </datafield>
  <controlfield tag="003">Ge_BSU</controlfield>
  <controlfield tag="005">20230202102251.0</controlfield>
  <controlfield tag="008">190420s1999    ge ||||| |||| 00| 0 geo d</controlfield>
  <datafield tag="020" ind1=" " ind2=" ">
    <subfield code="a">9992881801</subfield>
  </datafield>
  <datafield tag="041" ind1=" " ind2=" ">
    <subfield code="a">geo</subfield>
  </datafield>
  <datafield tag="080" ind1=" " ind2=" ">
    <subfield code="a">347.78 &#x10D9;-90</subfield>
  </datafield>
  <datafield tag="100" ind1=" " ind2=" ">
    <subfield code="a">&#x10D9;&#x10E3;&#x10DC;&#x10EA;&#x10D4;&#x10D5;&#x10D0;-&#x10D2;&#x10D0;&#x10D1;&#x10D0;&#x10E8;&#x10D5;&#x10D8;&#x10DA;&#x10D8;, &#x10DC;&#x10D8;&#x10DC;&#x10DD;</subfield>
    <subfield code="9">191</subfield>
  </datafield>
  <datafield tag="245" ind1=" " ind2=" ">
    <subfield code="a">&#x10E1;&#x10D0;&#x10D0;&#x10D5;&#x10E2;&#x10DD;&#x10E0;&#x10DD; &#x10D3;&#x10D0; &#x10DB;&#x10DD;&#x10DB;&#x10D8;&#x10EF;&#x10DC;&#x10D0;&#x10D5;&#x10D4; &#x10E3;&#x10E4;&#x10DA;&#x10D4;&#x10D1;&#x10D4;&#x10D1;&#x10D8;&#x10E1; &#x10E1;&#x10D0;&#x10D4;&#x10E0;&#x10D7;&#x10D0;&#x10E8;&#x10DD;&#x10E0;&#x10D8;&#x10E1;&#x10DD; &#x10E0;&#x10D4;&#x10D2;&#x10E3;&#x10DA;&#x10D8;&#x10E0;&#x10D4;&#x10D1;&#x10D0; &#x10D3;&#x10D0; &#x10DB;&#x10D0;&#x10E0;&#x10D7;&#x10D5;&#x10D0; /</subfield>
    <subfield code="c">&#x10DC;&#x10D8;&#x10DC;&#x10DD; &#x10D9;&#x10E3;&#x10DC;&#x10EA;&#x10D4;&#x10D5;&#x10D0;-&#x10D2;&#x10D0;&#x10D1;&#x10D0;&#x10E8;&#x10D5;&#x10D8;&#x10DA;&#x10D8; ; &#x10E1;&#x10D0;&#x10E5;&#x10D0;&#x10E0;&#x10D7;&#x10D5;&#x10D4;&#x10DA;&#x10DD;&#x10E1; &#x10D0;&#x10EE;&#x10D0;&#x10DA;&#x10D2;&#x10D0;&#x10D6;&#x10E0;&#x10D3;&#x10D0; &#x10D8;&#x10E3;&#x10E0;&#x10D8;&#x10E1;&#x10E2;&#x10D7;&#x10D0; &#x10D0;&#x10E1;&#x10DD;&#x10EA;&#x10D8;&#x10D0;&#x10EA;&#x10D8;&#x10D0;.</subfield>
  </datafield>
  <datafield tag="264" ind1=" " ind2=" ">
    <subfield code="a">&#x10D7;&#x10D1;&#x10D8;&#x10DA;&#x10D8;&#x10E1;&#x10D8; :</subfield>
    <subfield code="b">&#x10E1;&#x10D0;&#x10E5;&#x10D0;&#x10E0;&#x10D7;&#x10D5;&#x10D4;&#x10DA;&#x10DD;&#x10E1; &#x10D0;&#x10EE;&#x10D0;&#x10DA;&#x10D2;&#x10D0;&#x10D6;&#x10E0;&#x10D3;&#x10D7;&#x10D0; &#x10D8;&#x10E3;&#x10E0;&#x10D8;&#x10E1;&#x10E2;&#x10D7;&#x10D0; &#x10D0;&#x10E1;&#x10DD;&#x10EA;&#x10D8;&#x10D0;&#x10EA;&#x10D8;&#x10D0;,</subfield>
    <subfield code="c">1999.</subfield>
  </datafield>
  <datafield tag="300" ind1=" " ind2=" ">
    <subfield code="a">252 &#x10D2;&#x10D5;. ;</subfield>
    <subfield code="c">20 &#x10E1;&#x10DB;.</subfield>
  </datafield>
  <datafield tag="500" ind1=" " ind2=" ">
    <subfield code="a">&#x10EC;&#x10D8;&#x10D2;&#x10DC;&#x10D8; &#x10D2;&#x10D0;&#x10DB;&#x10DD;&#x10EA;&#x10D4;&#x10DB;&#x10E3;&#x10DA;&#x10D8;&#x10D0; &#x10D0;&#x10DB;&#x10D4;&#x10E0;&#x10D8;&#x10D9;&#x10D8;&#x10E1; &#x10D0;&#x10D3;&#x10D5;&#x10DD;&#x10D9;&#x10D0;&#x10E2;&#x10D7;&#x10D0; &#x10D0;&#x10E1;&#x10DD;&#x10EA;&#x10D8;&#x10D0;&#x10EA;&#x10D8;&#x10D8;&#x10E1; &#x10E4;&#x10D8;&#x10DC;&#x10D0;&#x10DC;&#x10E1;&#x10E3;&#x10E0;&#x10D8; &#x10DB;&#x10EE;&#x10D0;&#x10E0;&#x10D3;&#x10D0;&#x10ED;&#x10D4;&#x10E0;&#x10D8;&#x10D7;.</subfield>
  </datafield>
  <datafield tag="504" ind1=" " ind2=" ">
    <subfield code="a">&#x10D1;&#x10D8;&#x10D1;&#x10DA;&#x10D8;&#x10DD;&#x10D2;&#x10E0;.: &#x10D2;&#x10D5;. 248</subfield>
  </datafield>
  <datafield tag="505" ind1=" " ind2=" ">
    <subfield code="a">&#x10E1;&#x10D0;&#x10D0;&#x10D5;&#x10E2;&#x10DD;&#x10E0;&#x10DD; &#x10E3;&#x10E4;&#x10DA;&#x10D4;&#x10D1;&#x10D4;&#x10D1;&#x10D8;&#x10E1; &#x10D3;&#x10D0;&#x10EA;&#x10D5;&#x10D8;&#x10E1; &#x10E1;&#x10D0;&#x10D4;&#x10E0;&#x10D7;&#x10D0;&#x10E8;&#x10DD;&#x10E0;&#x10D8;&#x10E1;&#x10DD; &#x10E1;&#x10D0;&#x10D9;&#x10D0;&#x10DC;&#x10DD;&#x10DC;&#x10DB;&#x10D3;&#x10D4;&#x10D1;&#x10DA;&#x10DD; &#x10D1;&#x10D0;&#x10D6;&#x10D0;,&#x10E1;&#x10D0;&#x10D0;&#x10D5;&#x10E2;&#x10DD;&#x10E0;&#x10DD; &#x10D3;&#x10D0; &#x10DB;&#x10DD;&#x10DB;&#x10D8;&#x10EF;&#x10DC;&#x10D0;&#x10D5;&#x10D4; &#x10E3;&#x10E4;&#x10DA;&#x10D4;&#x10D1;&#x10D4;&#x10D1;&#x10D8;&#x10E1; &#x10D9;&#x10DD;&#x10DA;&#x10D4;&#x10E5;&#x10E2;&#x10D8;&#x10E3;&#x10E0;&#x10D8; &#x10DB;&#x10D0;&#x10E0;&#x10D7;&#x10D5;&#x10D0;.</subfield>
  </datafield>
  <datafield tag="653" ind1=" " ind2=" ">
    <subfield code="a">&#x10E1;&#x10D0;&#x10D0;&#x10D5;&#x10E2;&#x10DD;&#x10E0;&#x10DD; &#x10E3;&#x10E4;&#x10DA;&#x10D4;&#x10D1;&#x10D4;&#x10D1;&#x10D8;</subfield>
  </datafield>
  <datafield tag="653" ind1=" " ind2=" ">
    <subfield code="a">&#x10E1;&#x10D0;&#x10DB;&#x10D0;&#x10E0;&#x10D7;&#x10D0;&#x10DA;&#x10D8;</subfield>
  </datafield>
  <datafield tag="710" ind1=" " ind2=" ">
    <subfield code="a">&#x10E1;&#x10D0;&#x10E5;&#x10D0;&#x10E0;&#x10D7;&#x10D5;&#x10D4;&#x10DA;&#x10DD;&#x10E1; &#x10D0;&#x10EE;&#x10D0;&#x10DA;&#x10D2;&#x10D0;&#x10D6;&#x10E0;&#x10D3;&#x10D0; &#x10D8;&#x10E3;&#x10E0;&#x10D8;&#x10E1;&#x10E2;&#x10D7;&#x10D0; &#x10D0;&#x10E1;&#x10DD;&#x10EA;&#x10D8;&#x10D0;&#x10EA;&#x10D8;&#x10D0;</subfield>
    <subfield code="9">193</subfield>
  </datafield>
  <datafield tag="942" ind1=" " ind2=" ">
    <subfield code="2">udc</subfield>
    <subfield code="c">BK</subfield>
  </datafield>
  <datafield tag="952" ind1=" " ind2=" ">
    <subfield code="0">0</subfield>
    <subfield code="1">0</subfield>
    <subfield code="2">udc</subfield>
    <subfield code="4">0</subfield>
    <subfield code="6">34778_&#x10D9;90</subfield>
    <subfield code="7">0</subfield>
    <subfield code="9">82701</subfield>
    <subfield code="a">CPL</subfield>
    <subfield code="b">CPL</subfield>
    <subfield code="c">GEN</subfield>
    <subfield code="d">2019-04-15</subfield>
    <subfield code="g">8.00</subfield>
    <subfield code="i"> </subfield>
    <subfield code="o">347.78 &#x10D9;-90</subfield>
    <subfield code="p">29054</subfield>
    <subfield code="r">2019-04-15</subfield>
    <subfield code="t">29054</subfield>
    <subfield code="w">2019-04-15</subfield>
    <subfield code="y">BK</subfield>
    <subfield code="z">8&#x10DA;.</subfield>
  </datafield>
  <datafield tag="952" ind1=" " ind2=" ">
    <subfield code="0">0</subfield>
    <subfield code="1">0</subfield>
    <subfield code="2">udc</subfield>
    <subfield code="4">0</subfield>
    <subfield code="6">34778_&#x10D9;90</subfield>
    <subfield code="7">0</subfield>
    <subfield code="9">93586</subfield>
    <subfield code="a">CPL</subfield>
    <subfield code="b">CPL</subfield>
    <subfield code="c">GEN</subfield>
    <subfield code="d">2023-02-01</subfield>
    <subfield code="g">5.00</subfield>
    <subfield code="o">347.78 &#x10D9;-90</subfield>
    <subfield code="p">63585</subfield>
    <subfield code="r">2023-02-01</subfield>
    <subfield code="t">63585</subfield>
    <subfield code="w">2023-02-01</subfield>
    <subfield code="y">BK</subfield>
    <subfield code="z">5 &#x10DA;.</subfield>
  </datafield>
  <datafield tag="952" ind1=" " ind2=" ">
    <subfield code="0">0</subfield>
    <subfield code="1">0</subfield>
    <subfield code="2">udc</subfield>
    <subfield code="4">0</subfield>
    <subfield code="6">34778_&#x10D9;90</subfield>
    <subfield code="7">0</subfield>
    <subfield code="9">93779</subfield>
    <subfield code="a">CPL</subfield>
    <subfield code="b">CPL</subfield>
    <subfield code="c">GEN</subfield>
    <subfield code="d">2023-02-16</subfield>
    <subfield code="g">5.00</subfield>
    <subfield code="o">347.78 &#x10D9;-90</subfield>
    <subfield code="p">63833</subfield>
    <subfield code="r">2023-02-16</subfield>
    <subfield code="t">63833</subfield>
    <subfield code="w">2023-02-16</subfield>
    <subfield code="y">BK</subfield>
    <subfield code="z">5.00</subfield>
  </datafield>
  <datafield tag="952" ind1=" " ind2=" ">
    <subfield code="0">0</subfield>
    <subfield code="1">0</subfield>
    <subfield code="2">udc</subfield>
    <subfield code="4">0</subfield>
    <subfield code="6">34778_&#x10D9;90</subfield>
    <subfield code="7">0</subfield>
    <subfield code="9">93780</subfield>
    <subfield code="a">CPL</subfield>
    <subfield code="b">CPL</subfield>
    <subfield code="c">GEN</subfield>
    <subfield code="d">2023-02-16</subfield>
    <subfield code="g">5.00</subfield>
    <subfield code="o">347.78 &#x10D9;-90</subfield>
    <subfield code="p">63834</subfield>
    <subfield code="r">2023-02-16</subfield>
    <subfield code="t">63834</subfield>
    <subfield code="w">2023-02-16</subfield>
    <subfield code="y">BK</subfield>
    <subfield code="z">5.00</subfield>
  </datafield>
  <datafield tag="952" ind1=" " ind2=" ">
    <subfield code="0">0</subfield>
    <subfield code="1">0</subfield>
    <subfield code="2">udc</subfield>
    <subfield code="4">0</subfield>
    <subfield code="6">34778_&#x10D9;90</subfield>
    <subfield code="7">0</subfield>
    <subfield code="9">93781</subfield>
    <subfield code="a">CPL</subfield>
    <subfield code="b">CPL</subfield>
    <subfield code="c">GEN</subfield>
    <subfield code="d">2023-02-16</subfield>
    <subfield code="g">5.00</subfield>
    <subfield code="o">347.78 &#x10D9;-90</subfield>
    <subfield code="p">63835</subfield>
    <subfield code="r">2023-02-16</subfield>
    <subfield code="t">63835</subfield>
    <subfield code="w">2023-02-16</subfield>
    <subfield code="y">BK</subfield>
    <subfield code="z">5.00</subfield>
  </datafield>
  <datafield tag="952" ind1=" " ind2=" ">
    <subfield code="0">0</subfield>
    <subfield code="1">0</subfield>
    <subfield code="2">udc</subfield>
    <subfield code="4">0</subfield>
    <subfield code="6">34778_&#x10D9;90</subfield>
    <subfield code="7">0</subfield>
    <subfield code="9">93782</subfield>
    <subfield code="a">CPL</subfield>
    <subfield code="b">CPL</subfield>
    <subfield code="c">GEN</subfield>
    <subfield code="d">2023-02-16</subfield>
    <subfield code="g">5.00</subfield>
    <subfield code="o">347.78 &#x10D9;-90</subfield>
    <subfield code="p">63837</subfield>
    <subfield code="r">2023-02-16</subfield>
    <subfield code="t">63837</subfield>
    <subfield code="w">2023-02-16</subfield>
    <subfield code="y">BK</subfield>
    <subfield code="z">5.00</subfield>
  </datafield>
  <datafield tag="952" ind1=" " ind2=" ">
    <subfield code="0">0</subfield>
    <subfield code="1">0</subfield>
    <subfield code="2">udc</subfield>
    <subfield code="4">0</subfield>
    <subfield code="6">34778_&#x10D9;90</subfield>
    <subfield code="7">0</subfield>
    <subfield code="9">93783</subfield>
    <subfield code="a">CPL</subfield>
    <subfield code="b">CPL</subfield>
    <subfield code="c">GEN</subfield>
    <subfield code="d">2023-02-16</subfield>
    <subfield code="g">5.00</subfield>
    <subfield code="o">347.78 &#x10D9;-90</subfield>
    <subfield code="p">63838</subfield>
    <subfield code="r">2023-02-16</subfield>
    <subfield code="t">63838</subfield>
    <subfield code="w">2023-02-16</subfield>
    <subfield code="y">BK</subfield>
    <subfield code="z">5.00</subfield>
  </datafield>
  <datafield tag="952" ind1=" " ind2=" ">
    <subfield code="0">0</subfield>
    <subfield code="1">0</subfield>
    <subfield code="2">udc</subfield>
    <subfield code="4">0</subfield>
    <subfield code="6">34778_&#x10D9;90</subfield>
    <subfield code="7">0</subfield>
    <subfield code="9">93790</subfield>
    <subfield code="a">CPL</subfield>
    <subfield code="b">CPL</subfield>
    <subfield code="c">GEN</subfield>
    <subfield code="d">2023-02-16</subfield>
    <subfield code="g">5.00</subfield>
    <subfield code="o">347.78 &#x10D9;-90</subfield>
    <subfield code="p">63839</subfield>
    <subfield code="r">2023-02-16</subfield>
    <subfield code="t">63839</subfield>
    <subfield code="w">2023-02-16</subfield>
    <subfield code="y">BK</subfield>
    <subfield code="z">5.00</subfield>
  </datafield>
</record>
